Nehru's India: (Record no. 58811)

MARC details
000 -LEADER
fixed length control field 01553nam a22002657a 4500
005 - DATE AND TIME OF LATEST TRANSACTION
control field 20111130102054.0
010 ## - LCCN (DPL NO)
LC control number B-444770-774
020 ## - INTERNATIONAL STANDARD BOOK NUMBER
International Standard Book Number 9780198069423
Terms of availability 350.00
035 ## - SYSTEM CONTROL NUMBER
System control number B-444770-774
037 ## - SOURCE OF ACQUISITION
Source of stock number/acquisition Allied Pub/Ven
082 ## - DEWEY DECIMAL CLASSIFICATION NUMBER
Classification number 080
245 ## - TITLE STATEMENT
Title Nehru's India:
Remainder of title select speeches /
Statement of responsibility, etc edited with an introduction by Mushirul Hasan
260 ## - PUBLICATION, DISTRIBUTION, ETC. (IMPRINT)
Place of publication, distribution, etc New Delhi
Name of publisher, distributor, etc Oxford University Press
Date of publication, distribution, etc 2011
270 ## - ADDRESS
Address YMCA Library Building, Jai Singh Road,
City New Delhi
Postal code 110001
300 ## - PHYSICAL DESCRIPTION
Extent vi, 278p.
Dimensions 24cm(pbk)
700 ## - ADDED ENTRY--PERSONAL NAME
Personal name Hasan, Mushirul
9 (RLIN) 36287
942 ## - ADDED ENTRY ELEMENTS (KOHA)
Source of classification or shelving scheme Dewey Decimal Classification
Item type English Books
Call number suffix NEH
Classification part 080
Holdings
Withdrawn status Lost status Not for loan Home library Current library Date acquired Cost, normal purchase price Full call number Cost, replacement price Koha item type Collection code Source of acquisition Barcode Copy number
      Andrews Gunj Andrews Gunj 30/11/2011 350.00 NEH 350.00 English Books        
      Central Library Central Library 05/01/2012 350.00 080 NEH 350.00 English Books Non-fiction Allied/1045/13.09.11/78/14.3.11/12.10.2011 B-444770 1
      Karol Bagh Karol Bagh 05/01/2012 350.00 080 NEH 350.00 English Books Non-fiction Allied/1045/13.09.11/78/14.3.11/12.10.2011 B-444773 1
      Patel Nagar Patel Nagar 05/01/2012 350.00 080 NEH 350.00 English Books Non-fiction Allied/1045/13.09.11/78/14.3.11/12.10.2011 B-444771 1
      Sarojini Nagar Sarojini Nagar 05/01/2012 350.00 080 NEH 350.00 English Books Non-fiction Allied/1045/13.09.11/78/14.3.11/12.10.2011 B-444772 1
      Shahdara Branch Shahdara Branch 05/01/2012 350.00 080 NEH 350.00 English Books Non-fiction Allied/1045/13.09.11/78/14.3.11/12.10.2011 B-444774 1

© Delhi Public Library
Hit Counter
free hit counter